000 00773nam a2200253Ia 4500
003 OSt
005 20221005104544.0
006 a|||||r|||| 00| 0
007 ta
008 221004b |||||||| |||| 00| 0 hin d
024 _a108656
037 _cTextual
040 _aCRL
_cCRL
_bhin
041 _2hin
_ahin
082 _aO152,1N153,1, H8;J0
100 _aआनन्दकुमार
245 0 _aअ›राज
246 _aA›rāja
260 _aदिल्ली
_bराजपाल एण्ड सन्ज़ भारत
_c1950
300 _a299पृ0
_ccm.
650 _aहिन्दी साहित्य
942 _hO152,1N153,1, H8;J0
_cTEXL
_2cc
999 _c1013076
_d1013076